1.Dünya Savaşı Quiz - Statistics

General Stats
  • This quiz has been taken 926 times
  • The average score is 10 of 15
Answer Stats
Question Answer % Correct
Aşağıdakilerden hangisi başta İttifak Devletleri arasındayken daha sonrasında taraf değiştirmiştir? İtalya Krallığı
82%
SMS Goeben ve SMS Breslau adlı savaş gemilerini hangi ülkeden aldık? Almanya
81%
Aşağıdakilerden hangisi İtilaf Devletleri'nden değildir? Bulgaristan
80%
Aşağıdakilerden hangisi İttifak Devletleri'nden değildir? Japonya
80%
Rusya'nın savaşa dahil olduğu süre boyunca Rus İmparatoru kimdi? Çar 2.Nikolai
76%
Birinci Dünya Savaşı devam ederken, yaşadığı siyasi olaylar ve devrim yüzünden savaştan çekilen ülke aşağıdakilerden hangisidir? Rus İmparatorluğu
76%
Birinci Dünya Savaşını bitiren antlaşmalardan hangisi doğru verilmiştir? Versay Barış Antlaşması - Almanya
73%
Osmanlı İmparatorluğu hangi cephede saldıran pozisyondadır? Kanal Harekatı
69%
Savaş süresi boyunca Osmanlı Harbiye Nezâreti (Genelkurmay Başkanlığı) Nazırı kimdir Enver Paşa
68%
"Medine Kahramanı" olarak bilinen Paşamız kimdir? Ömer Fahrettin (Türkkan) Paşa
66%
Savaş boyunca Alman İmparatoru kimdi? Kaiser Wilhelm (2.Wilhelm)
61%
Kut'ül Amare kahramanımız kimdir? Halil Paşa
57%
Savaş başladığında Osmanlı padişahı kimdi? Sultan Mehmed Reşad (V.Mehmed)
54%
Osmanlı İmparatorluğu hangi cephede savaşmamıştır? Batı Cephesi
51%
1.Dünya Savaşı hangi tarihte başlamıştır? 28 Temmuz 1914
31%
No matching quizzes found
Score Distribution
Percent of People with Each Score
Percentile by Number Answered
Your Score History
You have not taken this quiz